01487nam a22002537a 450000500170000000800410001702000180005804000090007604100080008508200200009310000190011324500260013225000070015826000400016530000280020536500620023352004070029552104330070265000170113565000250115265000250117765000150120270000160121720250719122624.0211108b ||||| |||| 00| 0 eng d a9788121904711 caloy aeng 223a515.3bSHAD aShanti Narayan aDifferential Calculus a15 aNew DelhibS.Chand & Co. Ltd.c2022 axi,572p.bPBc23x17 cm. 2Generala3245b₹399.20c₹d₹499.00e20%f03-11-2021 a• For B.A. & B.Sc. Classes as per UGC Model Syllabus. • This book is meant for students preparing for the B.A. and B.Sc. examinations of our universities . Some topics of the Honours standard have also been included. They are given in the form of appendices to the relevant chapters. • The various principles and methods have been profusely illustrated by means of a large no. of solved examples. aTable of Content Introduction |Functions And Graphs-Elementary Functions |Continuity And Limit |Differentiation |Successive Differentiation |Expansion Of Functions |Tangents And Normals |Mean Value Teorems |Maxima And Minima |Indeterminate Forms |Partial Differentiation |Jacobians |Concavity And Points Of Inflexion |Curvature And Evolutes |Asymptotes |Singular Points |Curve Tracing |Envelopes |Change Of Independent Variables aReal Numbers aFunctions and Graphs aContinuity and Limit aAsymptotes aMittal, P K